| 000 | 00685nam a2200205 i 4500 | ||
|---|---|---|---|
| 001 | 132702 | ||
| 003 | ES-MaACL | ||
| 005 | 20260114132520.0 | ||
| 007 | t| | ||
| 008 | 070214s1921 sp |||| | spa d | ||
| 100 | 1 |
_aRomera-Navarro, Miguel. _999294 |
|
| 245 | 1 | 3 |
_aLa vida que pasa _b: (cuentos y ensayos) / _cpor M. Romera-Navarro. |
| 260 |
_aMadrid : _bLibrería de Victoriano Suárez, _c1921 ( _fImp. Clásica Española) |
||
| 300 |
_a310 p. ; _c19 x 12 cm. |
||
| 530 | _aDisponible en formato digital. | ||
| 852 |
_aES-MaACL _jF-7704 _cDEPO2 |
||
| 856 | 4 |
_uhttps://archive.org/details/lavidaquepasacue00rome _y(Internet Archive) |
|
| 942 | _2udc | ||
| 999 |
_c132702 _d132702 |
||